Представление документа в формате RUSMARC

ПолеНазваниеЗначение
  Тип записи c
  Библиографический уровень m
001 Контрольный номер RU/УОНБ/EK_N/359736077
005 Дата корректировки 20251210122103.8
010 Индекс ISBN __
9 Тираж 6260 экз.
013 Номер (ISMN) __
d Цена 90 к.
071 Издательские номер (звукозапись и ноты) 21
a Номер, присвоенный агентством 9073
100 Данные общей обработки __
a Данные общей обработки 20110512g1990 u y0rusy0189||||ca
101 Язык документа 0_
a Язык текста rus
f Язык титульного листа rus
102 Страна публикации __
a Страна публикации RU
105 Кодированные данные (монография) __
a Кодированные данные (монография) y###||||000|y
125 Кодированные данные звукозаписи и нотных изданий __
a Форма изложения нотного текста с|
128 Кодированные данные (звукозаписи-физические характеристики) __
a Кодированные данные: Музыкальная форма и тональность или лад zz
c Инструменты или голоса, рекомендуемые для солистов (устаревшее) kt||
200 Заглавие и сведения об ответственности 1_
a Заглавие Вып. 21
f Первые сведения об ответственности сост. Н. Комиссаров
210 Выходные данные 1_
d Дата издания 1990
215 Физическое описание __
a Объем 56 c.
327 Примечание о содержании 11
a Примечание о содержании Содерж. : Чайковский Б. Маленькая соната. - Корнаков Ю. Экспромт. - Семенов В. Импровизация на тему казачьей песни "Соловейко". - Дербенко Е. Прелюдия памяти Г. Шендерёва. - Иванов В. Экспромт си минор. - Рахманинов С. Ноктюрн. - Бах И. С. Прелюдия из Английской сюиты № 3. - Шуберт Ф. Музыкальный момент № 5. - Шопен-Лист. Желание. - Динику Г. Хора стаккато / обраб. Я. Хейфеца. - Мак-Доуэлл Э. Охотничья песня : из цикла "Двенадцать этюдов". - Два петушка : укр. нар. песня / обраб. В. Бухвостова.
461 Уровень набора _0
1 001RU/УОНБ/EK_N/358516066
1 200
a Баян в музыкальном училище
b [Ноты]
v Вып. 21
1 210
d 1970 -
464 Аналитический уровень _0
1 2001
a Маленькая соната
1 700 1
a Чайковский
b Б.
464 Аналитический уровень _0
1 2001
a Экспромт
1 700 1
a Корнаков
b Ю.
464 Аналитический уровень _0
1 2001
a Импровизация на тему казачьей песни "Соловейко"
1 700 1
a Семенов
b В.
1 50010
a Соловейко
464 Аналитический уровень _0
1 2001
a Прелюдия памяти Г. Шендерёва
1 700 1
a Дербенко
b Е.
464 Аналитический уровень _0
1 2001
a Экспромт
e си минор
1 700 1
a Иванов
b В.
464 Аналитический уровень _0
1 2001
a Ноктюрн
1 700 1
a Рахманинов
b С.
464 Аналитический уровень _0
1 2001
a Прелюдия из Английской сюиты № 3
1 700 1
a Бах
b И. С.
1 50010
a Английсая сюита № 3
464 Аналитический уровень _0
1 2001
a Музыкальный момент № 5
1 700 1
a Шуберт
b Ф.
464 Аналитический уровень _0
1 2001
a Желание
1 700 1
a Шопен-Лист
464 Аналитический уровень _0
1 2001
a Хора стаккато
1 700 1
a Динику
b Г.
1 702 1
a Хейфец
b Я.
464 Аналитический уровень _0
1 2001
a Охотничья песня
e из цикла "Двенадцать этюдов"
1 700 1
a Мак-Доуэлл
b Э.
1 50010
a Двенадцать этюдов
464 Аналитический уровень _0
1 2001
a Два петушка
e укр. нар. песня
1 702 1
a Бухвостов
b В.
4 030
512 Заглавие обложки 1_
a Заглавие обложки Баян в музыкальном училище
600 Персоналии _1
a Персоналии (Фамилия) Шендерёв Г.
606 Тематические рубрики 0_
a Основная рубрика Баян
x Основная подрубрика Педагогический репертуар музыкальных училищ
x Основная подрубрика Переложения для баяна
x Основная подрубрика Украинские народные песни
610 Ключевые слова 0_
a Ключевые слова баян
610 Ключевые слова 0_
a Ключевые слова импровизации
610 Ключевые слова 0_
a Ключевые слова украинские народные песни
610 Ключевые слова 0_
a Ключевые слова педагогический репертуар музыкальных училищ
686 Индексы других классификаций __
a Классификационный индекс 85.954.69я43
2 Код системы rubbk
702 Вторичная интеллектуальная ответственность _1
a Фамилия Комиссаров
b Имя (инициалы) Н.
4 Код отношения 220
801 Источник записи _0
a Страна RU
b Организация Ульяновская ОНБ
c Дата составления 20110512
g Правила каталогизации RCR
801 Источник записи _1
a Страна RU
b Организация IS
c Дата составления 20110512
g Правила каталогизации RCR
901 Тип документа __
t Тип документа n
w Контрольный № источника RU/УОНБ/EK_N/358516066
909 Создатель записи __
a Создатель записи Никитина Т. А.
910 Корректоры записи __
a Корректор записи Васина
938 Служебная информация __
a Имя БД noti
b Имя библиотеки УОНБ
c Имя АИБС МАРК-SQL
d Номер DOC_ID в БД 8865